Most Guessed Answers on Random Jetpunk Sports Quizzes - Statistics

General Stats
  • This quiz has been taken 164 times
  • The average score is 12 of 20
Answer Stats
Group Name Percentage Answer % Correct
Countries with the Most Summer Olympics Medals 100% United States
96%
MLB Baseball Teams Quiz 97% New York Yankees
87%
Countries with the Most Winter Olympics Medals 100% United States
86%
All FIFA World Cup Teams Quiz 96% Spain
85%
All FIFA World Cup Teams Quiz 99% Brazil
83%
All FIFA World Cup Teams Quiz 96% France
80%
NBA Basketball Teams Quiz 96% Los Angeles Lakers
77%
All FIFA World Cup Teams Quiz 97% Argentina
76%
All FIFA World Cup Teams Quiz 98% Germany
76%
Countries with the Most Winter Olympics Medals 97% Canada
75%
MLB Baseball Teams Quiz 95% Boston Red Sox
74%
English Premier League Teams Quiz 96% Chelsea
74%
Countries with the Most Summer Olympics Medals 97% France
74%
English Premier League Teams Quiz 99% Manchester United
71%
Countries with the Most Winter Olympics Medals 97% Russia
71%
Countries with the Most Summer Olympics Medals 98% China
70%
English Premier League Teams Quiz 97% Liverpool
68%
NCAA College Football Teams Quiz 94% Alabama
67%
NCAA College Basketball Teams Quiz 91% Duke
66%
North American Bird-Named Teams 83% Philadelphia Eagles
66%
English Premier League Teams Quiz 96% Arsenal
65%
Countries with the Most Summer Olympics Medals 98% Germany
65%
Countries with the Most Summer Olympics Medals 98% Great Britain
65%
English Premier League Teams Quiz 99% Manchester City
65%
North American Bird-Named Teams 87% Arizona Cardinals
62%
NFL Football Teams Quiz 92% New England Patriots
62%
North American Bird-Named Teams 87% St Louis Cardinals
62%
Countries with the Most Winter Olympics Medals 96% Norway
61%
North American Bird-Named Teams 77% Toronto Blue Jays
59%
NHL Hockey Teams Quiz 86% New York Rangers
58%
MLB Baseball Teams Quiz 86% New York Mets
57%
North American Bird-Named Teams 77% Atlanta Hawks
55%
Countries with the Most Winter Olympics Medals 96% Sweden
54%
NBA Basketball Teams Quiz 90% Boston Celtics
52%
MLB Baseball Teams Quiz 86% Oakland Athletics
52%
NHL Hockey Teams Quiz 86% Toronto Maple Leafs
52%
NFL Football Teams Quiz 92% New York Giants
50%
NCAA College Football Teams Quiz 93% Texas
50%
MLB Baseball Teams Quiz 91% Chicago White Sox
48%
NBA Basketball Teams Quiz 90% Miami Heat
48%
NCAA College Football Teams Quiz 91% Georgia
47%
NHL Hockey Teams Quiz 86% Boston Bruins
45%
NHL Hockey Teams Quiz 84% Los Angeles Kings
45%
NCAA College Basketball Teams Quiz 92% North Carolina
45%
NHL Hockey Teams Quiz 86% Pittsburgh Penguins
45%
NFL Football Teams Quiz 89% Dallas Cowboys
42%
NBA Basketball Teams Quiz 86% New York Knicks
42%
NCAA College Football Teams Quiz 91% Ohio
40%
NFL Football Teams Quiz 88% Green Bay Packers
38%
NCAA College Basketball Teams Quiz 88% Michigan
38%
NFL Football Teams Quiz 89% New York Jets
38%
NCAA College Basketball Teams Quiz 88% Texas
38%
NCAA College Football Teams Quiz 92% Florida
33%
NBA Basketball Teams Quiz 85% Los Angeles Clippers
29%
NCAA College Basketball Teams Quiz 90% Flordia
7%
No matching quizzes found
Score Distribution
Percent of People with Each Score
Percentile by Number Answered
Your Score History
You have not taken this quiz